| 000 | 01063cam a2200313 i 4500 | ||
|---|---|---|---|
| 999 |
_c126633 _d126633 |
||
| 001 | 19170790 | ||
| 003 | ARRUPE | ||
| 005 | 20170810123755.0 | ||
| 008 | 160711s2016 za a b 000 0beng | ||
| 010 | _a 2015332466 | ||
| 020 | _a9789982241014 | ||
| 040 |
_aDLC _beng _cDLC _erda |
||
| 042 |
_apcc _alcode |
||
| 043 | _af-za--- | ||
| 050 | 0 | 0 |
_aDT3117.M93 _bN86 2016 |
| 100 | 1 |
_aNtomba, Reginald. _934715 |
|
| 245 | 1 | 4 |
_aThe Mwanawasa years : _ban analysis of his presidency / _cReginald Ntomba. |
| 260 |
_aZambia _bGadsden Publishers _c2016 |
||
| 300 |
_a204 pages : _billustrations (some color) ; _c21 cm |
||
| 504 | _aIncludes bibliographical references (201-204). | ||
| 600 | 1 | 0 |
_aMwanawasa, Levy P., _d1948-2008. _934716 |
| 650 | 0 |
_aPresidents _zZambia _vBiography. _934717 |
|
| 651 | 0 |
_aZambia _xPolitics and government. _934718 |
|
| 906 |
_a7 _bcbc _corigode _d3 _encip _f20 _gy-gencatlg |
||
| 942 |
_2lcc _cMONOGRAPH |
||